Nederlandse zoogdieren - Statistieken

Algemene statistieken
  • Deze quiz is 37 keer genomen
  • De gemiddelde score is 15 van 85
Antwoordstatistieken
Hint Antwoord % Correct
Haasachtige Konijn
81%
Roofdier Wolf
81%
Haasachtige Haas
69%
Knaagdier Bever
63%
Roofdier Vos
63%
Roofdier Das
56%
Zeezoogdier Gewone zeehond
56%
Knaagdier Hamster
56%
Roofdier Otter
56%
Eenhoevig Ree
50%
Eenhoevig Edelhert
44%
Insecteneter Egel
44%
Eenhoevig Wild zwijn
44%
Eenhoevig Damhert
38%
Roofdier Steenmarter
38%
Roofdier Wezel
38%
Knaagdier Bruine rat
31%
Zeezoogdier Bruinvis
31%
Roofdier Bunzing
31%
Knaagdier Eekhoorn
31%
Roofdier Hermelijn
31%
Knaagdier Veldmuis
31%
Knaagdier Zwarte rat
31%
Roofdier Boommarter
25%
Knaagdier Bosmuis
25%
Vleermuis Bosvleermuis
25%
Vleermuis Gewone dwergvleermuis
25%
Knaagdier Huismuis
25%
Insecteneter Mol
25%
Exoot Muskusrat
25%
Vleermuis Watervleermuis
25%
Roofdier Wilde kat
25%
Vleermuis Gewone grootoorvleermuis
19%
Knaagdier Dwergmuis
13%
Knaagdier Eikelmuis
13%
Zeezoogdier Grijze zeehond
13%
Roofdier Lynx
13%
Exoot Wasbeer
13%
Knaagdier Aardmuis
6%
Exoot Beverrat
6%
Vleermuis Franjestaart
6%
Insecteneter Huisspitsmuis
6%
Vleermuis Laatvlieger
6%
Exoot Moeflon
6%
Exoot Sikahert
6%
Vleermuis Tweekleurige vleermuis
6%
Insecteneter Waterspitsmuis
6%
Eenhoevig Wisent
6%
Exoot Amerikaanse nerts
0%
Exoot Amerikaanse rode eekhoorn
0%
Exoot Amerikaanse voseekhoorn
0%
Vleermuis Baardvleermuis
0%
Vleermuis Bechsteins vleermuis
0%
Vleermuis Brandt's vleermuis
0%
Insecteneter Dwergspitsmuis
0%
Roofdier Europese nerts
0%
Exoot Gestreept stinkdier
0%
Insecteneter Gewone bosspitsmuis
0%
Roofdier Goudjakhals
0%
Exoot Grijze eekhoorn
0%
Vleermuis Grijze grootoorvleermuis
0%
Knaagdier Grote bosmuis
0%
Knaagdier Hazelmuis
0%
Exoot Indische mangoeste
0%
Vleermuis Ingekorven vleermuis
0%
Exoot Japanse eekhoorn
0%
Vleermuis Kleine dwergvleermuis
0%
Vleermuis Meervleermuis
0%
Exoot Muntjak
0%
Knaagdier Noordse woelmuis
0%
Knaagdier Ondergrondse woelmuis
0%
Exoot Pallas' eekhoorn
0%
Exoot Rode neusbeer
0%
Vleermuis Rosse vleermuis
0%
Knaagdier Rosse woelmuis
0%
Vleermuis Ruige dwergvleermuis
0%
Exoot Sibirische eekhoorn
0%
Exoot Thaise eekhoorn
0%
Insecteneter Tweekleurige bosspitsmuis
0%
Vleermuis Vale vleermuis
0%
Insecteneter Veldspitsmuis
0%
Exoot Wallabies
0%
Exoot Wasbeerhond
0%
Zeezoogdier Witsnuitdolfijn
0%
Knaagdier Woelrat
0%
Geen overeenkomende quizzen gevonden
Scoreverdeling
Procent van Mensen met Elke Score
Percentiel versus Aantal Correcte Antwoorden
Uw Scoregeschiedenis
U heeft deze quiz nog niet genomen